| 000 | 00815nam a22002177a 4500 | ||
|---|---|---|---|
| 003 | OSt | ||
| 005 | 20260122194948.0 | ||
| 008 | 230317b ||||| |||| 00| 0 eng d | ||
| 040 | _cOst | ||
| 041 | _ashan | ||
| 082 | _a294.3 | ||
| 245 |
_aပုတ်ႉထၽႃႇသႃႇလီႁူႉလီတွင်း။ _cၶိင်းမွၵ်ႇၶၼ်းလႅင် ႁႃႁွမ်- |
||
| 260 | _c2009 | ||
| 300 |
_a(င)၊ 202 ၼႃႈ _c21 ၸိၼ်ႇထီႇ |
||
| 500 | _aS-SAT: Dr. Prof Sai Aung Tun | ||
| 500 | _aပပ်ႉၸဝ်ႈတႃႇၼႁင်းၶေႃ တွၵ်ႉတိူဝ်ႇၸၢႆးဢွင်ႇထုၼ်း | ||
| 504 | _aပႃးၽိုၼ်ဢိင် | ||
| 650 | _aပုတ်ႉထၽႃႇသႃႇ | ||
| 942 | _cBK1 | ||
| 942 | _2ddc | ||
| 999 |
_c23393 _d23393 |
||